| 000 | 01269nam a2200241 u 4500 | ||
|---|---|---|---|
| 001 | 000641276 | ||
| 003 | AM-YeHGA | ||
| 005 | 20250617140825.0 | ||
| 008 | 090312s1987 ||| r 000 0 rus d | ||
| 040 | _aAM-YeHGA | ||
| 041 | 1 |
_arus _hche |
|
| 100 | 1 | _aФучик, Юлиус. | |
| 245 | 1 | 0 |
_aРепортаж с петлей на шее : _b[Для детей среднего и старшего школьного возраста : Пер. с чеш.] / _cЮлиус Фучик ; Люди из "Репортажа" / В. Андриянов, З. Грабица. |
| 260 |
_aЯкутск : _bЯкутское кн. изд-во, _c1987. |
||
| 300 |
_a189 с. : _b[16] л. ил. |
||
| 500 | _aКнига задумана и осуществлена в сотрудничестве с издательством "Млада фронта" (Прага) | ||
| 653 | 0 | _aНемецко-фашистская оккупация в период второй мировой войны 1939 - 1945 гг. - Чехословакия | |
| 653 | 0 | _aКоммунисты чешские (д. л.) | |
| 700 | 1 | _aАндриянов, Виктор Иванович. | |
| 700 | 1 | _aГрабица, Зденек. | |
| 740 | 0 | 2 | _aЛюди из "Репортажа". |
| 090 | _c228849 | ||
| 999 |
_c227306 _d227306 |
||